La protección médica al niño desvalido (Record no. 166377)

MARC details
000 -LEADER
campo de control de longitud fija 01012nam a2200229 i 4500
001 - NÚMERO DE CONTROL
campo de control 166377
003 - IDENTIFICADOR DE NÚMERO DE CONTROL
campo de control ES-MaACL
005 - FECHA Y HORA DE LA ÚLTIMA TRANSACCIÓN
campo de control 20230906213323.0
008 - DATOS DE LONGITUD FIJA--INFORMACIÓN GENERAL
campo de control de longitud fija 030328s1881 sp |||| | spa d
100 1# - ENTRADA PRINCIPAL--NOMBRE DE PERSONA
Nombre de persona Tolosa Latour, Manuel,
Fechas asociadas al nombre 1857-1919
9 (RLIN) 110485
245 13 - MENCIÓN DEL TÍTULO
Título La protección médica al niño desvalido
Resto del título : conferencia dada por el Doctor Tolosa Latour en el Salón de Grados de la Facultad de Medicina el 3 de marzo de 1881.
260 ## - PUBLICACIÓN, DISTRIBUCIÓN, ETC.
Lugar de publicación, distribución, etc. Madrid :
Nombre del editor, distribuidor, etc. [s.n.],
Fecha de publicación, distribución, etc. 1881 (
Fabricante Imp. de los Sres. García y Caravera)
300 ## - DESCRIPCIÓN FÍSICA
Extensión 31 p. ;
Dimensiones 23 cm.
530 ## - NOTA DISPONIBLE DE FORMULARIO FÍSICO ADICIONAL
Nota de formato físico adicional disponible Disponible en formato digital.
594 ## - Nota al título y mención de responsabilidad
Nota al título y mención de responsabilidad Precede al tít.: Ateneo Médico Escolar.
650 04 - PUNTO DE ACCESO ADICIONAL DE MATERIA--TÉRMINO DE MATERIA
Término de materia o nombre geográfico como elemento de entrada Niños-
Subdivisión general Asistencia sanitaria.
9 (RLIN) 160854
650 #4 - PUNTO DE ACCESO ADICIONAL DE MATERIA--TÉRMINO DE MATERIA
Término de materia o nombre geográfico como elemento de entrada Niños-
Subdivisión general Servicios sociales.
9 (RLIN) 146655
710 2# - ENTRADA AGREGADA--NOMBRE DE ENTIDAD CORPORATIVA
Nombre de entidad corporativa o nombre de jurisdicción como elemento de entrada Ateneo Médico Escolar.
9 (RLIN) 141895
852 ## - LOCALIZACIÓN
Ubicación ES-MaACL
Número de control de estantería T-352-F-14
Nota libre - Enc. hol.
-- - Enc. en un vol. facticio
856 ## - LOCALIZACIÓN Y ACCESO ELECTRÓNICOS
Identificador Uniforme de Recursos <a href="http://bdh-rd.bne.es/viewer.vm?id=0000249250&page=1 ">http://bdh-rd.bne.es/viewer.vm?id=0000249250&page=1 </a>
Nota pública Biblioteca Digital Hispánica
Holdings
Estatus retirado Estado de pérdida Estado de daño No para préstamo Colección Biblioteca de origen Biblioteca actual Ubicación en estantería Fecha de adquisición Total de préstamos Signatura topográfica completa Código de barras Visto por última vez Precio de reemplazo Tipo de ítem Koha
        Colección de folletos Biblioteca del Ateneo de Madrid Biblioteca del Ateneo de Madrid Depósito folletos 17/01/2008   T-352-F-14 1174492 23/02/2023 23/02/2023 Folleto